01222nam a2200289 a 45000010005000000030010000050050017000150080041000320200018000730400025000910800020001160900020001361100104001562450157002602600071004173000027004885000088005155040025006036500019006286500027006476500014006746500036006887100057007249420012007819520124007939990015009171580BR-CuiBMT20231215234736.0231117s2007 dfba 000 0 por d a9780662468608 aBR-CuiBMTcBR-CuiBMT a657.6:50422007 a657.6:504bI61a1 aInternational Organization of Supreme Audit Institutions.bWorking Group on Environmental Auditing.10aAuditorias em biodiversidade :borientações para as entidades de fiscalização superiores /cGrupo de trabalho de auditoria ambiental da INTOSAI. a[S.l.] :bINTOSAI, Working Group on Environmental Auditing,c2007. a115 p. :bil. ;c30 cm aTraduzido para português pelo Tribunal de Contas da União, em dezembro de 2008. ainclui bibliografia. aBiodiversidade aProteção ambiental aAuditoria aMeio ambientexFiscalização1 aGrupo de Trabalho sobre Auditoria Ambientalecoautor 2udccLV 00102udc4070aBIBTCEMTbBIBTCEMTd2023-12-15l0o657.6:504 I61apBIBTCEMT23120637r2023-12-15tEx. 1w2023-12-15yLV c1580d1580